[Event "POL-ch 60th"]
[Site "Warsaw"]
[Date "2003.04.22"]
[Round "1"]
[White "Murdzia, Piotr"]
[Black "Bartel, Mateusz"]
[Result "1/2-1/2"]
[WhiteElo "2452"]
[BlackElo "2443"]
[Annotator "Roiz,M"]
[PlyCount "60"]
[EventDate "2003.04.22"]
[EventType "tourn"]
[EventRounds "13"]
[EventCountry "POL"]
[EventCategory "12"]
[SourceTitle "CBM 095"]
[Source "ChessBase"]
[SourceDate "2003.07.25"]
[SourceVersion "1"]
[SourceVersionDate "2003.07.25"]
[SourceQuality "1"]

1. d4 f5 2. Nc3 d5 3. f3 Nf6 4. Bg5 {An agressive approach to playing Dutch
defence.} c6 ({In my opinion, the most principal move is} 4... Nc6 {- see my
comments to Kunin,V-Jakubiec,A/}) 5. Qd2 Be6 {Black is planning to put the
bishop on f7.After that he could either play g7-g6 or e7-e6.} (5... b5 6. Nh3
e6 7. Nf2 Be7 8. a3 h6 9. Bf4 Nbd7 10. Nd3 O-O 11. e3 a6 $11 {0-1 Silber,
G-Mainka,R/Bad Wildbad op 2000}) (5... Nbd7 6. e4 fxe4 7. fxe4 dxe4 8. Bc4 $36)
6. Nh3 (6. O-O-O Nbd7 7. e3 h6 8. Bxf6 (8. Bf4 g5 9. Bg3 Bg7 10. h4 Qa5 11.
hxg5 hxg5 12. Rxh8+ Bxh8 13. Nh3 $14) 8... Nxf6 9. Bd3 Qd7 10. h3 O-O-O 11. g4
g5 12. h4 Bg7 13. gxf5 Bxf5 14. hxg5 hxg5 $11 {1-0 Macieja,B-Bartel,M/POL-ch
59th Warsaw 2002}) (6. e3 $5 Nbd7 7. Bd3 Nb6 $6 (7... h6 8. Bxf6 Nxf6 9. Nge2
$14 {[%cal Ge3e4]}) 8. Nge2 Qd7 9. O-O h6 10. Bf4 Bf7 11. e4 e6 12. exd5 exd5
13. Ng3 g6 14. Rfe1+ Kd8 15. b3 $16 {1-0 Dao Thien Hai-Babu,N/Asia-ch Udaipur
2000}) 6... Nbd7 7. O-O-O $146 {This natural move is a novelty according to my
database.} (7. Qd3 g6 8. O-O-O Bg7 9. Qe3 Bf7 10. Bh6 O-O 11. Bxg7 Kxg7 12. Nf4
Qc7 13. Ne6+ Bxe6 14. Qxe6 Ng8 15. g3 Rf6 16. Qe3 e5 17. dxe5 Qxe5 $11 {
0-1 Bukal,V-Beim,V/AUT-chT qual 2002}) 7... h6 8. Bxf6 (8. Be3 g5 $1 {[%csl
Rh3]} (8... Nb6 9. Bf2 Nc4 10. Qe1 {[%cal Ge2e4]} Qb6 11. b3 $14)) 8... Nxf6 9.
Nf4 Bf7 {The character of position is closed, so white cannot use his
development advantage.} 10. h4 (10. e4 dxe4 11. fxe4 fxe4 12. g3 {[%cal Gf1g2,
Gg2h3]} g5 $1 13. Ng2 Bg7 14. Ne3 Qa5 {[%cal Ge8g8,Ge8c8]}) 10... e6 11. Qe3 $6
{A loss of time. The queen has nothing to do on e3.} (11. e3 Bd6 12. Nd3 $11 {
[%cal Gf3f4,Gd3e5]}) 11... Qd7 (11... Qd6 12. Nd3 Be7 13. Ne5 O-O 14. g4 Nd7
15. Bh3 Nxe5 16. dxe5 Qc5 $132) 12. Nd3 Bd6 {White must close the position,
otherwise black bishop may be very dangerous.} 13. Kb1 Qc7 14. f4 O-O-O $15 {
Black is already preferable: he can just prepare c6-c5 or g7-g5 because white
has no counterplay.} 15. g3 Ne4 (15... g5 $5 16. Bg2 gxf4 17. gxf4 Rhg8 $15 {
[%csl Rg4,Rh4]}) 16. Bg2 $6 {Another dubious decision. Why should white let
black to break his pawn structure?} (16. Ne5 Be8 $15 {[%cal Gc6c5]}) 16...
Nxc3+ 17. bxc3 Qa5 (17... Kb8 $5 18. Ka1 Rc8 19. Rb1 c5 $17 {[%csl Rc2,Rc3]
[%cal Gc8c2]}) 18. Nc1 {The king is too weak and white can only wait.} Kb8 (
18... g6 $5 19. Nb3 Qa3 $17 (19... Qc7 $17)) 19. Nb3 Qc7 20. h5 $6 {This pawn
will be an additional weakness in future.} b6 ({Possible was also} 20... Rdg8
$5 21. Rh3 g6 22. hxg6 Rxg6 23. Rdh1 Rhg8 $17 {[%csl Rc2,Rc3,Rg3] white's
position is very hard from strategical point of view: he has several
weaknesses on the different sides of board.}) 21. Ka1 a5 22. Rb1 Ka7 23. Nd2 c5
24. Nf3 Rb8 $1 {[%cal Gh8c8] Freeng a place for the second rook.} 25. Ne5 cxd4
({Better was to keep pressure:} 25... Rhc8 26. Rb2 Be8 27. Bf3 cxd4 (27... Ba4
$17) 28. cxd4 Bb4 $1 29. c4 $8 dxc4 $19) 26. cxd4 Bxe5 $2 {[%mdl 16384] A
great mistake! The knight was completely out of play. On the other hand, the
dark-squared bishop had no opponent!} ({after} 26... Rhc8 $17 {black is still
much better.}) 27. dxe5 {[%csl Rb6] Now white has nothing to worry about-black
has also weakness on b6.} Qc4 (27... Rhc8 28. Rb2 Qc3 29. Qd3 Rc5 30. Bf3 Rbc8
31. Rhb1 $11) 28. Rb2 Rhc8 29. Rhb1 Rc5 30. Bf3 {Black cannot improve his
position, so the draw was agreed after} Qc3 1/2-1/2

[Event "EU-ch 4th"]
[Site "Istanbul"]
[Date "2003.05.30"]
[Round "1"]
[White "Volkov, Sergey"]
[Black "Guliev, Sarhan"]
[Result "1-0"]
[WhiteElo "2634"]
[BlackElo "2524"]
[Annotator "Roiz,M"]
[PlyCount "95"]
[EventDate "2003.05.30"]
[EventType "swiss"]
[EventRounds "13"]
[EventCountry "TUR"]
[SourceTitle "CBM 096"]
[Source "ChessBase"]
[SourceDate "2003.09.25"]
[SourceVersion "1"]
[SourceVersionDate "2003.09.25"]
[SourceQuality "1"]

1. d4 f5 2. Nc3 Nf6 3. Bg5 d5 4. Bxf6 exf6 5. e3 c6 6. Bd3 {In my opinion,this
system is not bad for white from psychological point of view.The dutch is very
dynamic opening,so that stale pawn-structure seems not to be very comfortable.}
Qb6 ({The main here is:} 6... g6 7. Qf3 Be6 (7... Bd6 8. O-O-O Be6 9. h3 h5 10.
g4 fxg4 11. hxg4 Bxg4 12. Qxg4 hxg4 13. Rxh8+ Bf8 14. Bxg6+ Kd7 15. Nge2 $16 {
1-0 Golod,V-Murey,J/Rishon Le Ziyyon 9798 1997}) 8. Nge2 (8. h4 h5 9. Nge2 Nd7
10. Qg3 $6 Bf7 11. a3 Nb6 12. Qf3 Nc8 13. Nf4 Nd6 14. Qe2 Ne4 $15 {0-1
Forintos,G-Keitlinghaus,L/Muenster 1992}) (8. h3 h5 (8... Qa5 $5 9. g4 (9. Nge2
Na6 $1 10. g4 Nb4 11. Nf4 Nxd3+ 12. cxd3 Bd7) 9... Ba3 $1 10. O-O-O Qxc3 11.
bxa3 Nd7 12. gxf5 Qxa3+ 13. Kd2 Bxf5 14. Bxf5 gxf5 $13 {0-1 Reefschlaeger,
H-Akesson,R/Hamburg op 1981}) 9. g4 (9. Nge2 $5) 9... hxg4 10. hxg4 fxg4 11.
Bxg6+ Kd7 12. Qg2 Rxh1 13. Qxh1 Bd6 14. Nge2 Na6 15. Kd2 Qh8 $11 {1/2-1/2
Winants,L-Yilmaz,T/EU-chT (Men) 1989}) 8... Bd6 9. h3 Nd7 10. g4 fxg4 11. hxg4
Bf7 12. e4 dxe4 13. Bxe4 Qb6 14. O-O-O O-O-O $11 {0-1 Shishkin,V-Lastin,A/
Moscow Alekhine op 1996}) 7. Na4 $1 $146 {It is just unbelievable,but this
natural move is a novelty!White doesn't want to spend time for moves like 7.
Rb1 or 7.a3.The N on a4 isn't at all bad-black has always to think about
Na4-c5.On the other hand,white can also play b2-b3 and c2-c4.} (7. a3 Bd6 (7...
Be6 8. Nh3 Bd6) 8. Nge2 Be6 9. Na4 Qa5+ 10. c3 Nd7 11. b4 Qd8 12. Nc5 Nxc5 13.
dxc5 Be5 14. f4 Bc7 15. Nd4 $14 {0-1 Krasenkow,M-Tseitlin,Mi/Krumbach op 1991})
(7. Rb1 Bb4 8. Nge2 O-O 9. a3 Bd6 10. Ng3 g6 11. Nce2 Be6 12. h4 h5 13. c3 Qc7
$11 {0-1 Grotnes,N-Djurhuus,R/Oslo2 1992}) 7... Qa5+ 8. c3 b5 $6 {[%mdl 16384]
Black has probably overlooked white's 11th move.} (8... g6 $142 9. Ne2 (9. Nf3
$5 Bd6 10. O-O O-O 11. c4 $14) 9... Nd7 10. O-O Bd6 11. b3 $5 Qc7 12. g3 b5 13.
Nb2 $14 {[%cal Gc3c4]}) 9. Nc5 Bxc5 10. dxc5 b4 (10... O-O 11. b4 Qc7 12. Ne2
$16 {[%csl Rf5][%cal Ga2a4,Ge2d4]}) 11. a3 $1 {That is the point!} (11. Qh5+
$143 Kf8 $1 (11... g6 12. Qh4 bxc3 13. b4 $1 Qd8 14. Ne2 Ba6 15. Bxa6 Nxa6 16.
Nxc3 Rb8 17. a3 O-O 18. O-O Nc7 $14) 12. Ne2 bxc3 13. Nxc3 Qxc5 14. O-O {
and white has a sufficient compensation for a pawn,but no more.}) 11... b3 $2 {
[%mdl 16384] A serious mistake.After that move black's pawn-structure will be
much worse!} (11... bxa3 12. b4 Qc7 13. Rxa3 O-O 14. Ne2 $16) (11... bxc3 $142
12. b4 Qc7 13. Ne2 O-O 14. O-O a5 15. Qc2 Ba6 $1 $14 {white is better,but
black has a defensible position. For example:} 16. Bxf5 $6 Bxe2 17. Qxe2 Qe5
$132 {[%csl Gc3]}) 12. Qxb3 Na6 (12... Qxc5 13. Qb4 $1 Qb6 (13... Qxb4 14. axb4
$16 {[%csl Ra7,Rc6,Rf5][%cal Gg1e2,Ge2d4]}) 14. Ne2 {and black cannot castle
without the exchange of queens.} Na6 15. Qxb6 axb6 16. Nd4 Nc5 17. Bc2 $16 {
[%csl Rc6,Rf5]}) (12... Nd7 13. Qb4 $1 (13. Bxf5 $6 Nxc5 14. Qc2 Bxf5 15. Qxf5
Qb5 16. O-O-O d4 $1 $132) 13... Qc7 14. Qd4 $16) 13. Bxa6 Bxa6 14. Qb4 Qc7 15.
Nf3 {[%cal Gf3d4] The position is close,so black cannot use the position of
Ke1.} Rb8 (15... O-O 16. Nd4 {[%csl Rf5][%cal Gd4e6,Gd4f5]} Rfb8 17. Qa4 Bb5
18. Qc2 f4 19. Ne6 Qe7 20. Nxf4 Qxc5 21. Rd1 $16) 16. Qa4 Bd3 $1 {Black wants
to provoke white's next move to avod a long castle.} (16... Bc4 17. b4 f4 18.
Nd4 {[%csl Rc6][%cal Ga4c6]} Rc8 19. O-O-O $1 fxe3 20. Rhe1 e2 21. Nxe2 $18) (
16... Bb5 17. Qf4 Qxf4 18. exf4 Kd7 19. Kd2 Rhe8 20. Rhe1 Re4 21. g3 Bc4 22. b4
$18 {[%cal Gf3d4]}) 17. Rd1 Bb5 $2 {A very strange decision.Black will be
completely lost in the endgame!} (17... Bc4 $142 18. b4 f4 19. Nd4 Rc8 $16 {
In this position white should play carefully because black has some practical
chances due to his strong bishop on c4.}) 18. Qf4 $1 Qxf4 19. exf4 Ba4 20. Rd2
$18 {[%cal Gf3d4] White has an extra pawn and a huge positional advantage!} Kd7
21. O-O Rhe8 22. Nd4 g6 23. f3 Kc7 ({More resistant was} 23... a5 24. Kf2 Bb3
25. Re1 Rxe1 26. Kxe1 a4) 24. Kf2 Bb3 25. Re1 $1 {Black cannot avoid exchange
of his active rook.The rest is an easy job!} Rxe1 26. Kxe1 Bc4 {[%csl Re2]
[%cal Yc4e2]} (26... a5 27. Re2 {[%cal Ge2e6]} Kd7 28. Re6 Ba4 29. Rd6+ Kc7 30.
b4 $18) 27. b3 $1 {The most effective way to a win of the game!} Ba6 (27...
Bxb3 28. Re2 Ba4 (28... Kd7 29. Rb2 Re8+ 30. Kd2 Bc4 31. Rb7+ $18) 29. Re7+ Kc8
30. Rxa7 $18 {[%csl Rh7][%cal Ga7h7]}) 28. Kf2 {[%cal Gd2d1,Gd1e1] White is
not in a hurry-black has no any counterplay.} Re8 29. Rd1 Re7 30. h3 {[%cal
Gg2g4]} h5 31. Rh1 {[%cal Gg2g4]} (31. g4 fxg4 32. fxg4 Bc8 33. Kf3 Rh7) 31...
Bc8 32. Re1 Rxe1 33. Kxe1 {[%cal Ge1h4,Gg2g4,Gb3b4,Ga3a4] White has a simple
plan of a win:he will just push his pawns on both of the sides and black has
no way to stop it.} h4 (33... g5 34. fxg5 fxg5 35. f4 gxf4 36. Kf2 $18) 34. Kf2
Kd7 35. g3 hxg3+ 36. Kxg3 Kc7 {Black king must defend on c6,so white has an
easy task.} 37. h4 Bd7 38. h5 gxh5 39. Kh4 Be8 (39... Kd8 40. Kxh5 Ke7 41. Kg6
Be8+ 42. Kxf5 Bd7+ 43. Kg6 Be8+ 44. Kg7 Bd7 45. f5 Be8 46. f4 Bd7 47. b4 a6 48.
a4 Be8 49. Nf3 $18 {[%cal Gf3h4,Gh4g6]}) 40. Nxf5 Bg6 41. Nd6 {[%cal Gf4f5]}
Bc2 42. b4 Kd7 43. f5 (43. Kxh5 Ke6 44. Kg4 f5+ 45. Kg5 $18) 43... a6 44. Kxh5
Ke7 45. Kg6 Ba4 46. Nc8+ {The knight has made a nice job in this game!} Kd8 47.
Kxf6 ({possible was also} 47. Nb6 Bd1 48. Kxf6 Bxf3 49. Ke6 $18) 47... Kxc8 48.
Ke7 {[%cal Gf5f6][%mdl 8]} 1-0

[Event "Griesheim GM 3rd"]
[Site "Griesheim"]
[Date "2003.02.03"]
[Round "6"]
[White "Kunin, Vitaly L"]
[Black "Jakubiec, Artur"]
[Result "0-1"]
[WhiteElo "2476"]
[BlackElo "2532"]
[Annotator "Roiz,M"]
[PlyCount "78"]
[EventDate "2003.01.29"]
[EventType "tourn"]
[EventRounds "9"]
[EventCountry "GER"]
[EventCategory "11"]
[SourceTitle "CBM 094"]
[Source "ChessBase"]
[SourceDate "2003.05.26"]
[SourceVersion "1"]
[SourceVersionDate "2003.05.26"]
[SourceQuality "1"]

1. d4 f5 2. Nc3 Nf6 3. Bg5 d5 4. f3 {[%cal Ge2e4] This is not very popular
continuation, but black must play very accurately because it is not so easy to
finish the development.} ({The main moves are:} 4. Bxf6) ({and} 4. e3) 4... Nc6
{The idea of this move is to prevent e2-e4 by taking under control the Pd4.} (
4... c5 5. e4 dxe4 (5... cxd4 6. Bxf6 $1 dxc3 (6... gxf6 7. Qxd4 $16) 7. Bxc3
$36) (5... Nc6) 6. dxc5 Qa5 7. Qd2 Qxc5 8. O-O-O Be6 9. Nh3 Qc8 10. Nf4 Nc6 11.
Bb5 a6 12. Bxc6+ Qxc6 13. Nxe6 Qxe6 14. Rhe1 $16 {1-0 Malaniuk,V-Kamenets,A/
Polanica Zdroj op-A 2000}) 5. Qd2 e6 {The most natural way to finish the
development.} (5... h6 $5 6. Bxf6 (6. Bh4 g5 7. Bf2 Bg7 $132) 6... exf6 7. e4 (
7. Nh3 Bb4 8. Nf4 Ne7 9. h4 c6 $6 (9... g6 $142 10. a3 Bd6 11. e3 c6 $11) 10.
h5 Qd6 11. e3 Be6 12. Kf2 Bf7 13. a3 Ba5 14. Nb5 Qd8 15. Nd6+ Qxd6 16. Qxa5 $14
{1-0 Volkov,S-Malaniuk,V/RUS-Team Smolensk 2000}) 7... fxe4 8. fxe4 dxe4 9. d5
Ne5 10. Nxe4 f5 11. Ng3 Bc5 12. O-O-O O-O 13. Qc3 Qg5+ {and black achieved
good position. see comments to Volkov,S-Malaniuk,V/Chigorin mem 1999[Tsesarsky]
} (13... Qd6 $5)) 6. e3 $6 {In my opinion, the only way to fight for advantage
is preparation of e2-e4. I think that this move is not logical with queen on
d2.} (6. O-O-O Be7 7. e4) 6... Be7 7. Bb5 Bd7 (7... O-O 8. Bxc6 bxc6 9. Na4 Nd7
10. Bxe7 Qxe7 11. Qc3 $14) 8. Nh3 O-O 9. Nf4 {[%csl Re6][%cal Gb5c6]} Qc8 $1 {
[%csl Re6][%cal Gc6d8,Gd8f7,Yc8e6] A very strong move! Not only defending the
''e6'' pawn, but clearing ''d8'' for the knight.} (9... a6 10. Bxc6 bxc6 11.
Nd3 $14) 10. O-O-O Bb4 (10... a6 11. Bxc6 Bxc6 12. Nd3 $11) (10... Nd8 11. Bxd7
Qxd7 12. Nd3 Nf7 $11) (10... Na5 $2 11. Ncxd5 $1 {[%csl Ra5]}) 11. Bxf6 $2 {
Connected with a wrong idea. White has no time for counterplay.} (11. Nd3 Ba5
12. Bf4 Nb8 13. Bxd7 Nbxd7 $15) (11. a3 Ba5 12. h3 Ne7 13. Bd3 (13. Bxd7 Qxd7
14. g4 b5 15. b4 Bb6) 13... h6 14. Bxf6 Rxf6 $15) 11... Rxf6 12. g4 fxg4 13.
fxg4 Na5 {[%csl Rc4]} 14. g5 Rf8 15. Bd3 c5 16. a3 (16. Qe2 Be8) 16... cxd4 17.
axb4 (17. exd4 Bxc3 18. bxc3 Qc7 19. Rhf1 Rac8 $17) 17... dxc3 18. Qe2 (18.
Qxc3 Qxc3 19. bxc3 Nc6 $15) (18. bxc3 Nc4 (18... Nc6 19. e4 d4 20. Rhf1 dxc3
21. Qxc3 Qc7 22. Nh5 Qe5 $15) 19. Qe2 Ne5 20. Bxh7+ $140 Kxh7 21. g6+ Kg8 22.
Qh5 Rf5 23. Qh7+ Kf8 {[%cal Gf8e7,Ge7d6]} 24. Qh8+ Ke7 25. Qxg7+ Kd6 $19) 18...
cxb2+ 19. Kb1 {[%cal Ge2h5]} (19. Kxb2 Nc4+ 20. Bxc4 dxc4 21. Qd2 Bc6 22. Rhg1
a5 23. bxa5 Rf5 $1 $19) 19... Qc3 $2 (19... Nc4 20. Qh5 Rf5 $1 21. Bxf5 exf5
22. g6 h6 23. Nxd5 Kh8 $19 {[%cal Ga7a5,Gc4a3]}) 20. bxa5 $2 (20. Qh5 Rf5 (
20... g6 21. Bxg6 (21. Nxg6 Rf7 $1 22. Ne5 Qxe5 23. Rhf1 Rg7 24. bxa5 Qc3 $19 {
[%cal Gc3a3]}) 21... hxg6 22. Qxg6+ Qg7 (22... Kh8 23. Qh6+ Kg8 24. g6 Qg7 25.
Qxg7+ Kxg7 26. bxa5) 23. Qxg7+ Kxg7 24. bxa5 $16) 21. Bxf5 exf5 22. Rxd5 Qa3 (
22... Bc6 23. g6 h6 24. Qd1 $18) 23. Rxa5 Ba4 24. Rxa4 Qxa4 25. Kxb2 Qxb4+ 26.
Kc1 Qc3 $11) 20... Qa3 21. c3 (21. Bxh7+ Kxh7 22. Qd3+ Qxd3 23. Nxd3 Rf5 24. h4
Rc8 25. Kxb2 Rc4 $17) 21... e5 (21... Qa1+ 22. Kc2 Ba4+ 23. Kd2 Bxd1 24. Rxd1 {
[%cal Ge2h5]} d4 $1) 22. Nxd5 (22. Qxb2 Qxb2+ 23. Kxb2 exf4 24. exf4 Rxf4 $17)
22... Qa1+ 23. Kc2 Ba4+ 24. Kd2 Bxd1 25. Rxd1 Rad8 26. e4 (26. c4 Qxa5+ (26...
Rxd5 27. cxd5 Qxa5+ 28. Kc2 Qa2 29. Rb1 Rc8+ 30. Kd2 Qa5+ 31. Kd1 Qxd5 {
[%cal Ge5e4]} 32. e4 $8 Qb3+ 33. Ke1 Rc1+ 34. Kf2 Qf7+ 35. Kg2 (35. Qf3 Qxf3+
36. Kxf3 Rxb1 37. Bxb1 Kf7 38. Ba2+ Kg6 $17) 35... Qf4 $1 $17 {[%cal Gf4g5]})
27. Kc2 Qa3 {[%cal Gd8d5,Gf8c8]} 28. e4 b5 $1 $19) 26... Qxa5 27. Qe3 Rf7 28.
Rb1 Qa3 29. Bc4 (29. Qg3 $5 Rdf8 30. Qxe5 $132) 29... b5 $1 30. g6 (30. Bxb5
Rdf8 31. Qh3 Kh8 $1 32. g6 Rf2+ 33. Ke1 h6 $19) 30... hxg6 31. Bxb5 Rdf8 32.
Bc4 $2 {White's only chance is to activate his queen and create counterplay
against black king.} (32. Qg5 $1 Rf2+ 33. Ke1 Qa2 34. Ne7+ Kf7 35. Qxg6+ Kxe7
36. Qxg7+ Qf7 (36... Kd6 $4 37. Qd7+) (36... R8f7 37. Qxe5+ Kf8 38. Qh8+) 37.
Qxe5+ Qe6 38. Qc5+ Qd6 39. Qxa7+ Kd8 40. Qa8+ Ke7 41. Qb7+ Kd8 $11) 32... Rf2+
33. Ke1 Rxh2 $1 {Suddenly white has no useful check.} 34. Qg3 Rh6 {[%csl Gg6]
[%cal Yh6g6]} 35. Kd2 (35. Ne7+ Kh7 $19) (35. Qxe5 Kh7 $1 36. Qg3 a5 $19) 35...
Kh7 $1 $19 {White is completely lost.} 36. Kc2 (36. Qxe5 Qa1 37. Bd3 Rf3 {
[%cal Gf3d3]}) (36. Bd3 a5) 36... Qa4+ 37. Bb3 Qxe4+ 38. Kxb2 Rb8 39. Ne3 Rxb3+
0-1